[Event "Las Palmas"]
[Site "Las Palmas"]
[Date "1994.??.??"]
[Round "4"]
[White "Lautier, Joel"]
[Black "Karpov, Anatoly"]
[Result "1-0"]
[WhiteElo "2625"]
[BlackElo "2740"]
[Annotator "Lautier,Joel"]
[PlyCount "62"]
[EventDate "1994.05.??"]
[EventType "tourn"]
[EventRounds "9"]
[EventCountry "ESP"]
[EventCategory "17"]
[SourceTitle "CBM 042"]
[Source "ChessBase"]
[SourceDate "1994.10.01"]
[SourceVersion "1"]
[SourceVersionDate "1994.10.01"]
[SourceQuality "1"]

1. d4 {Dautov} Nf6 2. c4 e6 3. Nc3 Bb4 4. Qc2 O-O 5. a3 Bxc3+ 6. Qxc3 b6 7. Bg5 Bb7 8. e3 c5 9. dxc5 bxc5 10. f3 a5 11. Nh3 ({RR} 11. Bd3 h6 12. Bh4 d6 13. Ne2 Nbd7 14. O-O d5 15. Rfd1 Qb6 16. Bf2 Rab8 17. Rab1 Bc6 18. b3 Rb7 19. cxd5 exd5 20. Ng3 g6 21. Ne2 Re8 22. Qd2 Ne5 23. Bc2 Rd7 24. Nf4 Nh7 25. Nd3 Nxd3 {Lautier,J (2666)-Beliavsky,A (2667) Plovdiv 2003 ½-½ (37)}) 11... h6 (11... a4 12. O-O-O Re8 $2 13. Nf4 $1 h6 14. Bxf6 Qxf6 15. Qxf6 gxf6 16. Nh5 $18) (11... d6 {Dautov} 12. Be2 Nbd7 13. O-O a4 14. Rad1 Ra6 15. Qc2 Qc7 16. Rd2 Rb8 17. Rfd1 Ba8 18. Nf2 Rb3 $13 {Benjamin-Tiviakov/Groningen/1993}) ({RR} 11... d6 12. Bd3 Nbd7 13. b3 Qb6 14. a4 d5 15. O-O h6 16. Bf4 d4 17. Qc2 e5 18. Bg3 Rae8 19. e4 Nh5 20. Be1 Bc8 21. g4 Nhf6 22. Nf2 Nb8 23. Be2 Nc6 24. Nd3 Re6 25. Kg2 Nd7 26. Bd2 {Borsuk,K (2401)-Jumabayev,R (2654) Chess.com INT 2020 1-0 (49)}) 12. Bh4 a4 $5 $146 { a5} (12... d6 {Dautov} 13. O-O-O Ra6 14. Be2 (14. Bxf6 Qxf6 15. Qxf6 gxf6 16. Nf4 f5 17. Be2 Nd7 18. Rd2 Ne5 19. Rhd1 Rd8 $10 {Polgar,Zsu-Polugaevsky/Monaco rapid/1993}) 14... Nbd7 15. g4 Qa8 16. e4 e5 17. g5 hxg5 18. Bxg5 Rb8 19. Rhg1 Ne8 20. Nf2 Rb6 21. Rd2 Bc6 22. Bd1 Nf8 $13 {Xu Jun-Hjartarson/Biel izt/1993}) 13. O-O-O $146 (13. Nf2 Qa5 14. Bxf6 gxf6 15. Qxa5 Rxa5 16. O-O-O Rd8 $10) ({RR} 13. Be2 Ne4 14. Bxd8 Nxc3 15. Be7 Re8 16. Bxc5 Nxe2 17. Kxe2 Ba6 18. Bd6 Bxc4+ 19. Kf2 Ra6 20. Rhd1 Nc6 21. Rac1 Bb3 22. Rd3 e5 23. Rc5 Re6 24. g4 g5 25. Kg3 e4 26. fxe4 Rxe4 27. Nf2 Re6 {Anderton,D (2257)-Hunt,H (2393) West Bromwich 2003 ½-½ (45)}) 13... Re8 $1 (13... d5 $2 14. Bxf6 Qxf6 15. Qxf6 gxf6 16. Nf4 Rd8 17. Nh5 (17. cxd5 exd5 18. Bc4 (18. Nh5 Rd6 $1) 18... d4 19. exd4 cxd4 $14) 17... f5 (17... Nd7 18. cxd5 Bxd5 19. Bb5 $16) 18. cxd5 exd5 (18... Bxd5 $2 19. e4 $18) 19. Bd3 $16) (13... Ra6 14. Nf2 d6 (14... Nd5 $2 15. cxd5 Qxh4 16. Bxa6 $18) 15. Ng4 Nbd7 16. Be2 $14 { d2, hd1}) (13... d6 $2 {Dautov} 14. Bxf6 gxf6 15. Nf4 Qe7 16. Nh5 Nd7 17. Qe1 Kh8 18. Qg3 Rg8 19. Qxd6 $18) 14. Be2 (14. Nf2 Nd5 $1 15. cxd5 (15. Rxd5 $2 Qxh4 16. g3 Qe7 $17) 15... Qxh4 $10) (14. Qc2 e5 15. Qf5 Ra6 (15... Qe7 $2 16. Bd3 Qe6 17. Bxf6 Qxf6 (17... Qxf5 18. Bxf5 gxf6 19. Bxd7 $16) 18. Qh7+ Kf8 19. Nf2 $16) 16. Bd3 g6 17. Bxf6 Qxf6 $10) 14... e5 (14... Ne4 $6 {Dautov} 15. Qe1 g5 16. Bg3 Nxg3 17. Qxg3 $16 {f4}) 15. Nf2 (15. Rd6 Ne4 $1 16. Qe1 Qc7 17. Rd1 Nd6 $1 { c6-a5, × c4} 18. Qd2 Re6 $13) (15. Rd2 Ne4 $1 16. Bxd8 Nxc3 $10) 15... Qb6 (15... Nd5 $2 16. Rxd5 Qxh4 17. Rxe5 $1 Rxe5 18. Qxe5 Nc6 (18... Qxf2 $4 19. Qe8+ Kh7 20. Bd3+ g6 21. Qxf7+ Kh8 22. Bxg6 Qxe3+ 23. Kb1 $18) 19. Qg3 Qe7 20. Ng4 Kh8 21. Qc7 (21. Qf4 Re8 $132 { h5}) 21... Ra7 (21... Rb8 22. Rd1 $1 h5 23. Rxd7 Qe8 (23... Qg5 24. f4 $18) (23... Qe6 24. Bd3 $1 g6 (24... hxg4 25. Qxb8+ Nxb8 26. Rd8+ $18) 25. Rxf7 $18) 24. Rxf7 hxg4 25. Rxg7 Qxe3+ (25... Qf8 26. Rh7+ Kg8 27. Bd3 { h8+-} Qf6 28. Be4 $18) 26. Kb1 Qh6 27. Rd7 $18 { d3,  d6}) 22. Qf4 $1 $16 (22. Rd1 $2 h5 23. Rxd7 Qe8 24. Ne5 (24. Rxf7 $2 Ba8 $1 $19) 24... Qxe5 25. Rd8+ Kh7 26. Bd3+ f5 $17) (22. e4 Ba6 23. Qf4 Rb7 (23... Nd4 $2 24. Qb8+ $18) 24. Ne3 Nd4 $132)) 16. Nd3 (16. Rd2 d5 $1 17. Bxf6 d4 18. exd4 cxd4 (18... exd4 $5 19. Bxd4 cxd4 20. Qc2 Nc6 $44) 19. Qb4 Qxb4 20. axb4 gxf6 $13) (16. Qc2 Qe6 $1 (16... g5 $2 17. Bg3 d5 18. h4 g4 19. cxd5 $16) 17. Rd2 (17. Bd3 $2 e4 $1 $15) 17... d6 18. Rhd1 Ra6 $13) 16... g5 (16... d6 $2 17. Bxf6 gxf6 18. Nf2 $16 {}) (16... e4 $2 17. Nf2 $16) (16... Nc6 $2 {Dautov} 17. Bxf6 gxf6 18. Nf2 $16) 17. Bg3 d6 18. h4 g4 (18... Nbd7 $2 19. hxg5 hxg5 20. Nf2 { d3-f5} (20. Rh6 Kg7 21. Rdh1 Rh8 $10) 20... d5 (20... Kg7 $6 21. Qd3 Ra6 22. Qf5 $18) 21. Rh6 (21. cxd5 {Dautov} Nxd5 (21... Bxd5 22. Ng4 Bb3 23. Nxf6+ Nxf6 24. Bxe5 $16) 22. Qc2 Nf8 23. Ng4 $16) 21... Kg7 22. Ng4 $16) (18... Qb3 {Dautov} 19. Qxb3 axb3 20. hxg5 hxg5 21. Kb1 Ra6 22. Nc1 Rb6 23. Rd3 e4 24. Rxd6 Rxd6 25. Bxd6 exf3 26. gxf3 Ne4 27. Rd1 Nxd6 28. Rxd6 $16) 19. h5 (19. Nf2 $2 Nh5 20. Nxg4 Nxg3 21. Nf6+ Kf8 $19) (19. fxg4 $2 Ne4 20. Qe1 Nc6 { a5}) 19... Nbd7 20. Nf2 (20. Rh4 Kh8 $1 (20... d5 $2 21. Nxe5 d4 22. Nxd7 $1 (22. exd4 $2 cxd4 23. Nxd7 dxc3 24. Nxb6 cxb2+ 25. Kb1 (25. Kd2 Rad8+ 26. Bd3 Rxd3+ 27. Kxd3 Rd8+ 28. Nd5 Bxd5 29. Kc2 Be4+ 30. fxe4 Rxd1 31. Kxb2 Rd2+ $17) 25... Ra6 26. c5 Rxe2 $15) 22... Nxd7 23. Rxg4+ Kh8 (23... Kf8 24. exd4 Rxe2 25. dxc5 Nxc5 26. Qh8+ Ke7 27. Bh4+ $18) 24. exd4 Rxe2 25. dxc5+ Qf6 26. Rxd7 Qxc3+ 27. bxc3 $18) 21. Nf2 gxf3 22. gxf3 Rg8 $36 {× h4}) (20. e4 $1 Nf8 { e6-d4} (20... gxf3 $6 21. gxf3 Kh7 (21... Nf8 22. Bh4 N6h7 23. Rdg1+ Kh8 24. Qd2 $16) 22. Bh4 Rg8 23. Bf1 $1 $16 { h3-f5, d2} Nxh5 $2 24. Qd2 $1 { e7} Rg6 25. Bh3 $18 { f5}) (20... Kh7 $6 21. Bh4 Rg8 22. Nf2 gxf3 23. Qxf3 $1 $16) 21. Bh4 Nxh5 (21... N6h7 $6 22. Nf2 $1 gxf3 23. Qxf3 Ne6 24. Ng4 $16) 22. fxg4 (22. Bf2 Ng7 23. Rxh6 Nge6 24. Rdh1 Ng6 $13) 22... Ng7 (22... Nf4 $2 23. Nxf4 exf4 24. Bf6 $18 { h6}) 23. Bf6 Nh7 24. Rxh6 Nxf6 25. Rxf6 Re6 (25... Bxe4 $2 26. Nxe5 $16) (25... Ne6 $2 26. Qd2 $1 Kf8 (26... Nd4 27. Qg5+ Kf8 28. Rh6 Nxe2+ 29. Kd2 $18) (26... Bxe4 27. Qh6 Bxd3 28. Rh1 $18) 27. Qh6+ Ke7 28. Rdf1 $16) 26. Rdf1 Rf8 $14) 20... d5 (20... gxf3 {Dautov} 21. gxf3 Kh8 22. Qd2 Re6 23. e4 Rg8 24. Rdg1 Kh7 25. Bf1 $16 {h3}) 21. Rh4 (21. cxd5 $2 Nxd5 22. Qd2 c4 $1 $17 { c3}) (21. Nxg4 $6 {Dautov} Nxg4 22. fxg4 d4 23. Qd2 Nf6 $44 24. exd4 Ne4 25. dxc5 $2 Qb3 $19) 21... d4 22. Qd2 gxf3 23. gxf3 Rab8 $2 $138 (23... Nh7 $1 24. Rg4+ (24. e4 $6 Ng5 (24... Kh8 25. Ng4 Ng5 $13) 25. Ng4 (25. Nh3 f6 $15) 25... Kh7 $15 {× h4}) (24. f4 $2 e4 $1) (24. exd4 $2 cxd4 25. Ng4 Ng5 $132) (24. Ng4 Ng5 25. Rg1 Kh8 $13) 24... Kh8 25. e4 (25. Bh4 $2 Ndf6 (25... Nhf6 {Dautov} 26. Rgg1 Nxh5 27. f4 $40) (25... Rg8 26. f4 $16) 26. Rg2 Nxh5 $17) 25... Qe6 $1 (25... Ndf6 $2 26. Qxh6 $18) (25... Rg8 26. Bh4 $14) (25... Ng5 26. Bh4 f6 27. Rg3 Rg8 28. Rdg1 Kh7 29. Ng4 Qd8 (29... Rg7 $2 30. Nxh6 $1 Kxh6 31. Bxg5+ fxg5 32. Rxg5 $18) (29... Qe6 $2 30. Nxh6 Kxh6 31. Bxg5+ fxg5 32. Rxg5 Kh7 33. Rg6 $18) 30. Bd3 $14 { f4}) (25... Ra6 $5 { df6}) 26. Bh4 Ndf6 27. Bxf6+ Qxf6 28. Rg3 Bc8 $5 (28... Qe6 29. Rdg1 $13) 29. Nd3 Qd6 30. Rdg1 (30. Nxc5 $2 Qxc5 31. Qxh6 Qf8 $19) 30... Ra6 (30... Ng5 $2 31. Rxg5 hxg5 32. Qxg5 $18) 31. f4 $5 exf4 32. Nxf4 Ng5 33. Bd3 Qe5 34. Nd5 $13) (23... Qa5 {Dautov} 24. Qc2 Rad8 (24... dxe3 25. Ng4 $40) 25. Ng4 Kg7 26. Rg1 $16) 24. Rg1 Kf8 (24... Kh8 $2 25. exd4 cxd4 26. Qxh6+ Nh7 27. Bxe5+ $1 $18) 25. exd4 cxd4 26. Qxh6+ Ke7 27. Nd3 $16 Ba6 $6 (27... Rg8 $142 $132 {g}) 28. Qd2 (28. Nxe5 $2 {Dautov} d3) 28... Kd8 $6 (28... Bxc4 $2 29. Nxe5 $1 $18 (29. Nxe5 {Dautov} d3 30. Re1 Nxe5 31. Bxe5 Rbc8 32. Bxd3 Bxd3+ 33. Bc3+ $18)) (28... Rg8 29. h6 $16) 29. Rd1 $1 $18 { e5} Nc5 (29... Bxc4 30. Nxe5 $1 Bxe2 (30... Nxe5 31. Rxd4+ $18) 31. Rxd4 $1 (31. Nxf7+ {Dautov} Ke7 32. Qxe2+ Kxf7 33. Qc4+ Qe6 34. Qxe6+ Kxe6 35. Bxb8 Rxb8 36. Rhxd4 $16) (31. Qxe2 Nxe5 32. Rhxd4+ Ned7 33. Qd2 Qc5+ 34. Kb1 Qf5+ 35. Ka1 $40) 31... Qc7+ (31... Bxd1 32. Rxd7+ Kc8 33. Qc3+ $18) 32. Kb1 Bxd1 33. Nxf7+ $18) 30. Nxc5 Qxc5 31. Qg5 Qb6 $138 (31... Qb6 32. Rd2 { e5} Qe6 33. Rhxd4+ exd4 34. Bxb8 $18 { a5}) (31... Bxc4 {Dautov} 32. Rhxd4+ Bd5+ 33. Rc4 $18) (31... Qe7 {Dautov} 32. Rhxd4+ exd4 33. Bxb8 Kc8 34. Bf4 Qxe2 35. Qxf6 Qxc4+ 36. Kb1 Kb7 37. Rc1 Qd3+ 38. Ka1 $18) 1-0

[Event "Dos Hermanas"]
[Site "Dos Hermanas"]
[Date "1994.??.??"]
[Round "5"]
[White "Lautier, Joel"]
[Black "Karpov, Anatoly"]
[Result "1/2-1/2"]
[WhiteElo "2625"]
[BlackElo "2740"]
[Annotator "Dautov,Rustem"]
[PlyCount "59"]
[EventDate "1994.04.??"]
[EventType "tourn"]
[EventRounds "9"]
[EventCountry "ESP"]
[EventCategory "16"]
[SourceTitle "CBM 041"]
[Source "ChessBase"]
[SourceDate "1994.08.01"]
[SourceVersion "1"]
[SourceVersionDate "1994.08.01"]
[SourceQuality "1"]

1. d4 {Lautier,Joel} Nf6 2. c4 e6 3. Nc3 Bb4 4. Qc2 O-O 5. a3 Bxc3+ 6. Qxc3 b6 7. Bg5 h6 8. Bh4 c5 9. dxc5 bxc5 10. e3 d6 11. Bd3 Nbd7 12. Ne2 Ne5 $146 (12... Bb7 13. O-O Ne5 14. Bb1 Ng6 15. Bg3 e5 16. b4 Qc7 17. f3 Nd7 18. Bd3 Ne7 $13 {Bareev-Polugaevsky/Hastings/1992}) ({RR} 12... Bb7 13. O-O Ne5 14. Bb1 Ng6 15. Bg3 e5 16. b4 Qc7 17. f3 Nd7 18. Bd3 Ne7 19. Bh4 Rfe8 20. Rfc1 e4 21. fxe4 Ng6 22. Bg3 Nf6 23. Rd1 Rad8 24. Nf4 Nxf4 25. Bxf4 Nxe4 26. Qe1 Re6 27. Ra2 {Bareev,E (2670)-Polugaevsky,L (2640) Hastings 1992 1-0 (59)}) ({RR} 12... Qb6 13. O-O Rb8 14. Rab1 a5 15. b3 Bb7 16. Rfd1 Bc6 17. Bg3 Qc7 18. Bxd6 Qb7 19. f3 {1-0 (19) Andrews,T (2145)-Tsiotridis,P (2130) Korinthos 1998}) ({RR} 12... Qb6 13. Rd1 Ba6 ({RR} 13... Rb8 14. Rd2 Ba6 15. Bg3 e5 16. O-O) 14. O-O Rfc8 ({RR} 14... Rab8 15. Rd2 ({RR} 15. Bg3 Ne5 16. Bxe5 dxe5 17. Qxe5 Qxb2 18. Qxc5) 15... Ne5 16. Bxf6 gxf6 17. Nc1 Nxd3 18. Nxd3 Qb3 19. Qxf6 Bxc4 20. Nf4) 15. Rd2 d5 16. Rfd1 Rab8 ({RR} 16... Bxc4 17. Bxc4 Ne4 18. Qc2 Nxd2 19. Rxd2) ({RR} 16... dxc4 17. Bb1 Qb7 ({RR} 17... Rc7 18. Bxf6 Nxf6 19. Rd8+) 18. Qc2 Nf8 ({RR} 18... g5 19. Bg3) ({RR} 18... g6 19. Nf4) 19. Bxf6 gxf6 20. Ng3) 17. Qc2 ({RR} 17. cxd5 Nxd5 18. Qc2 Bxd3 19. Qxd3 c4 20. Qc2 Qb3 21. Qxb3 ({RR} 21. e4 Qxc2 22. Rxc2 N5b6) 21... cxb3 ({RR} 21... Rxb3 22. e4 N5f6 ({RR} 22... N5b6 23. Nd4 Rd3 24. Rxd3 cxd3 25. f3) 23. f3) 22. Nd4 ({RR} 22. e4 N5b6 23. Rxd7 Nxd7 24. Rxd7 Rc2)) ({RR} 17. Nc1 d4) 17... Rb7 ({RR} 17... d4 18. exd4 cxd4 19. Nxd4) ({RR} 17... Qb3 18. Qxb3 Rxb3 19. Nc1 Rb6 20. cxd5 exd5 ({RR} 20... Bxd3 21. dxe6) 21. Bf5 Rc7 22. Bxd7 Rxd7 23. Bxf6 gxf6 24. Rxd5 Rxd5 25. Rxd5 Rxb2 26. Rxc5) 18. Nc1 ({RR} 18. cxd5 Bxd3 19. Qxd3 c4 20. Qc2 Nxd5 21. e4 N5f6) 18... d4 ({RR} 18... Rbc7) ({RR} 18... Rbb8 19. cxd5 Bxd3 ({RR} 19... Nxd5 20. Bxa6 Qxa6 21. e4) ({RR} 19... exd5 20. Bf5) 20. Nxd3 exd5 21. Bg3 Ra8 22. Nf4 d4 23. exd4 cxd4 24. Qd3) 19. exd4 cxd4 20. b4 ({RR} 20. Bxf6 Nxf6 21. b4 e5 22. c5 Bxd3 23. Qxd3 Qe6 24. f4 Ng4) 20... Bxc4 ({RR} 20... e5 21. c5 ({RR} 21. Qa2 Rbc7 ({RR} 21... e4 22. c5 Qc6 23. Bxa6 Qxa6 24. Rxd4) 22. c5 Qc6 23. Bxa6 Qxa6 24. Re2) 21... Bxd3 22. Qxd3 Qe6 ({RR} 22... Qc6 23. Nb3 Qa4 24. Na5 Nxc5 25. Qf5 Rbc7 26. Qxe5 Nce4 27. Rxd4 Rc1) 23. f4) 21. Bxf6 ({RR} 21. Bxc4 Rbc7 22. Rxd4 e5 ({RR} 22... Ne5 23. Rd8+ Ne8 24. Qa4) 23. Bxf7+ Kxf7 24. Qb3+ Kf8 25. Rd6 Qxd6 26. Rxd6 Rxc1+ 27. Rd1 R8c3 28. Qa4 Rxa3 ({RR} 28... Nb6) 29. Qxd7 Nxd7 30. Rxc1) 21... gxf6 ({RR} 21... Nxf6 22. Bxc4 Rbc7 23. Rxd4 e5 24. Rd8+) 22. Bxc4 Ne5 23. Rxd4 Rbc7 24. Qe4 ({RR} 24. Qd2 Rxc4 25. Rxc4 Rxc4 26. Qxh6 Qxf2+ 27. Kxf2 Ng4+) 24... Rxc4 25. Ne2 Rxd4 26. Rxd4 Qb5 ({RR} 26... Qa6 27. Qe3 Rc2 28. Qxh6) ({RR} 26... Rd8) ({RR} 26... Qc6 27. Qe3 Kg7 28. h3) 27. h3 {Lautier,J (2625)-Epishin,V (2675) Las Palmas 1994 CBM 042 [Lautier,Joel] 1-0 (54)}) ({RR} 12... Rb8 13. Bg3 Qb6 14. O-O Nh5 15. Rab1 Nxg3 16. hxg3 Ne5 17. Bc2 Ba6 18. b3 Qc7) 13. Bc2 (13. O-O Ba6 14. b3 Nxd3 15. Qxd3 d5 16. Qc2 Qe7 $10) 13... Ba6 14. b3 Ng6 15. Bxf6 (15. Bxg6 fxg6 16. Nf4 $5 (16. O-O g5 17. Bg3 Qb6 $10) (16. Bxf6 Qxf6 17. Qxf6 gxf6 $10) 16... Qe8 17. Qd3 $2 (17. Bxf6 Rxf6 $10) 17... g5 18. Qxd6 Bc8 $19) (15. Bg3 $5 d5 (15... Nh5 16. Rd1 Nxg3 17. hxg3 Qe7 18. Nf4 Nxf4 19. gxf4 $14) (15... Qe7 16. f3 d5 17. O-O Rfd8 18. Rfd1 $14) 16. O-O (16. cxd5 exd5 17. Bxg6 fxg6 18. Qxc5 Ne4 19. Qd4 Rc8 $40) 16... Qb6 17. Rfd1 Rad8 18. Rd2 (18. Bxg6 fxg6 $10) 18... Ne4 $5 (18... dxc4 19. Rxd8 Rxd8 20. bxc4 $14) 19. Bxe4 dxe4 20. Rad1 Rxd2 21. Rxd2 Rd8 22. Rxd8+ Qxd8 23. Qc2 Bb7 24. Nc3 $14) ({RR} 15. Bg3) 15... Qxf6 16. Qxf6 gxf6 17. Nc3 Rfd8 $14 18. O-O-O Kf8 19. Rd2 Rd7 20. Rhd1 Rad8 21. f4 Ke7 22. Kb2 (22. g4 Bb7 23. Be4 Bxe4 24. Nxe4 Nh4 25. Nc3 f5 $10) 22... f5 23. g3 Rb8 24. Ka2 Nf8 (24... Bb7 $142 $14) 25. h3 $1 {g4} h5 26. Re1 (26. e4 $1 fxe4 27. Nxe4 Rbd8 28. f5 $1 {f6} exf5 (28... e5 $2 29. f6+ Ke6 30. Rf2 $18) (28... Nh7 29. Nxc5 $1 dxc5 30. Rxd7+ Rxd7 31. Rxd7+ Kxd7 32. fxe6+ $18) 29. Nc3 $16) 26... Bb7 27. e4 fxe4 28. Nxe4 Bxe4 29. Bxe4 Rdd8 30. Red1 (30. f5 e5 31. g4 hxg4 32. hxg4 Nh7 $10) (30. g4 hxg4 31. hxg4 Nd7 $10) (30. Bf3 h4 31. g4 Ng6 32. f5 Ne5 $10) (30. Red1 f5 31. Bh1 (31. Bf3 h4 32. g4 Ng6 33. gxf5 exf5 {×f4}) 31... h4 32. g4 Ng6 33. gxf5 exf5 34. Rf2 $10) 1/2-1/2